000 00836nam a2200253Ia 4500
003 OSt
005 20221005032128.0
006 a|||||r|||| 00| 0
007 ta
008 221004b |||||||| |||| 00| 0 eng d
020 _a9780838912294 (pbk)
_c4520.15
024 _a22219
037 _b11980, 12/02/2015, Elite Publishers Distributors
_cTextual
040 _aCRL
_cCRL
_beng
041 _2eng
_aeng
082 _a2:(X:8D), Q4
100 _aHammerman Susan Summerfield
_9584848
245 0 _aResearching prospective donors
_b Get more funding for your library
260 _aChicago
_bala edition USA
_c2014
300 _a158p.
_ccm.
650 _aLIBRARY SCIENCE
942 _h2:(X:8D), Q4
_cTEXL
_2cc
999 _c939163
_d939163